Online
Catalog

Los comediantes / (Record no. 39907)

MARC details
000 -CABECERA
campo de control de longitud fija 00540nam a2200181 a 4500
001 - NÚMERO DE CONTROL
campo de control 000040417
005 - FECHA Y HORA DE LA ÚLTIMA TRANSACCIÓN
campo de control 20201002034124.0
008 - DATOS DE LONGITUD FIJA--INFORMACIÓN GENERAL
campo de control de longitud fija 130823s1985 sp 000 0 spa d
020 ## - NÚMERO INTERNACIONAL ESTÁNDAR DEL LIBRO
Número Internacional Estándar del Libro 843500760X
040 ## - FUENTE DE LA CATALOGACIÓN
Centro catalogador/agencia de origen DO-SdBNP
Lengua de catalogación spa
Centro/agencia transcriptor BNPHU
100 1# - ENTRADA PRINCIPAL--NOMBRE DE PERSONA
Nombre de persona Greene, Graham
9 (RLIN) 38207
240 14 - TÍTULO UNIFORME
Título uniforme The comedians
Lenguaje de la obra Español
245 14 - MENCIÓN DE TÍTULO
Título Los comediantes /
Mención de responsabilidad, etc. Graham Greene ; traducción Enrique Pezzoni.
260 ## - PUBLICACIÓN, DISTRIBUCIÓN, ETC.
Lugar de publicación, distribución, etc. Barcelona :
Nombre del editor, distribuidor, etc. Edhasa,
Fecha de publicación, distribución, etc. 1985.
300 ## - DESCRIPCIÓN FÍSICA
Extensión 361 p.
500 ## - NOTA GENERAL
Nota general Traducido del idioma inglés
700 1# - PUNTO DE ACCESO ADICIONAL--NOMBRE DE PERSONA
Nombre de persona Pezzoni Enrique,
Término indicativo de función/relación trad.
9 (RLIN) 62981
Holdings
Estado de retiro Estado de pérdida Restricciones de uso No para préstamo Código de colección Localización permanente Ubicación/localización actual Ubicación en estantería Fecha de adquisición Número de inventario Total de préstamos Signatura topográfica completa Código de barras Fecha visto por última vez Precio válido a partir de Tipo de ítem Koha
        Monografías: Libros y Folletos General General En catalogación 23.08.2013 LF1   40417-10 25.06.2020 25.06.2020 Préstamo en sala

Powered by Koha